000 00920cab a2200277 4500
001 ABS44664
008 090401t1991 xxu||||| |||| 00| 0 eng d
035 _a(Sirsi) u48327
041 _aeng
100 _aTyler, M.
245 _aEdicts from Brussels
260 _c1991
350 _a0
490 _aArchitects` Journal
_v193(21) 22 May 1991, 53-55(3)
520 _aFirst in an occasional series outlining changes in European law. This article covers cross border professional qualifications , professional education and training , civil liability , construction site safety , construction materials and environmental issues .
650 _aCFCS
650 _aDIRECTIVE 89/106/EEC
650 _aEC DIRECTIVES
650 _aECO LABELLING
650 _aENERGY
_96237
650 _aHAZARD DATA SHEETS
650 _aURBAN RENEWAL
690 _aEUROPE-SINGLE MARKET
942 _n0
948 _c04/03/1997
999 _c30355
_d30355